000 00578nam a22001937a 4500
999 _c14222
_d14222
003 MIRAKIL
005 20201120155125.0
008 201120b tu ||||| |||| 00| 0 tur d
040 _aTR-AnCHP
_cTR-AnCHP
041 _atur
082 _aATA 923.156
_bG98a [t.y]
100 _aGüventürk, Faruk
245 1 0 _aAtatürk ve devlet /
_cFaruk Güventürk.
260 _a[Y.y.]:
_b[Yay. y.],
_c[t.y].
300 _a119 s.:
_c19 sm.
600 1 4 _91465
_aAtatürk, Gazi Mustafa Kemal
_cTürkiye Cumhuriyeti 1. Cumhurbaşkanı
_d1881-1938
650 0 _95348
_aDevlet
942 _2ddc
_cBKS